Datum a čas kvízu
25.5
Celkem bodů
Celkový počet nahraných bodů na tomto kvízu bez doplňovacích otázek.
5.
Pořadí na kvízu
Konečné umístění týmu na tomto kvízu.
Zaznamenané odpovědi
| # | Otázka | Odpověď | Body | Výsledky |
|---|---|---|---|---|
| 1. | Poslední květnový den vyvrchol... | bábovka (#babovkovyden) | 1 | |
| 2. | V nejmenované zemi se odehrála... | v Indonésii | 0 | |
| 3. | Ve kterém městě začal minulý t... | ve Zlíně | 1 | |
| 4. | Minulý týden oznámili organizá... | v Ženevě | 1 | |
| 5. | V pondělí se v anglickém Brock... | sýr | 1 | |
| 6. | Kterým výrazem na písmeno M se... | mixologie | 1 | |
| 7. | Ernest Hemingway měl údajně v... | Daiquiri | 0 | |
| 8. | Oblíbenou složkou míchaných ná... | pomeranči | 0 | |
| 9. | Hlavní hrdina filmu Big Lebows... | White Russian (Bílý Rus, Bílý medvěd) | 1 | |
| 10. | V poslední otázce se podíváme... | Semafor | 1 |